Riconosci il Pokémon - Quiz n°573 - Statistics

Statistiche generali
  • Questo quiz è stato fatto 1 volte
  • Il punteggio medio è 1 su 10
Statistiche sulle risposte
Indizio Risposta % Corretto
Generazione Terza
100%
Altezza 0,40 m
0%
Tasso di cattura 200 (36.6%)
0%
Peso 4,2 kg
0%
Sesso 50% ♂, 50% ♀
0%
Tipo Elettro
0%
Tasso di allevamento Medio-Veloce
0%
Abilità Meno; Assorbivolt
0%
Pokémon Minun
0%
Stadio evoluzione Non si evolve
0%
Nessun quiz corrispondente trovato
Distribuzione punteggi
Percentuale di utenti per punteggio
Percentile per numero di risposta
I tuoi punteggi nel tempo
Non hai fatto questo quiz